000 00515nam a22001697a 4500
003 OSt
005 20120302144628.0
008 090328t xxu||||| |||| 00| 0 eng d
035 _a२०१९
040 _cमराठी
100 _aबेडेकर , मालतीबाई
_92636
245 _aसमाजकारण
250 _a१ ली
260 _aपुणे
_bसमाज प्रबोधन संस्था
_c१९६३
300 _b१६ पाने
942 _2ddc
_cBOOK
999 _c487801
_d487798